书目信息 |
| 题名: |
法律基础教程
|
|
| 作者: | ;教育部思想政治工作司 编 | |
| 分册: | ||
| 出版信息: | 北京 高等教育出版社 1998 |
|
| 页数: | 261页 | |
| 开本: | 20cm | |
| 丛书名: | ||
| 单 册: | ||
| 中图分类: | D90 | |
| 科图分类: | ||
| 主题词: | 法的理论 , 法学 | |
| 电子资源: | ||
| ISBN: | 7-04-006718-8 | |
| 000 | 00623nam0 2200205 450 | |
| 001 | 0858091187 | |
| 005 | 20081021153122.25 | |
| 010 | @a7-04-006718-8@dCNY8.50 | |
| 100 | @a20081020d1998 km y0chiy0120 ea | |
| 101 | 0 | @achi |
| 102 | @aCN@b110000 | |
| 200 | 1 | @a法律基础教程@Afa lu ji chu jiao cheng@f教育部思想政治工作司编@Fjiao yu bu si xiang zheng zhi gong zuo si bian |
| 210 | @a北京@c高等教育出版社@d1998 | |
| 215 | @a261页@d20cm | |
| 606 | 0 | @a法的理论 |
| 606 | 0 | @a法学 |
| 690 | @aD90@v4 | |
| 711 | 02 | @a教育部思想政治工作司@Ajiao yu bu si xiang zheng zhi gong zuo si@4编 |
| 801 | 0 | @aCN@c20081021 |
| 905 | @dD90@eJ688 | |
| 法律基础教程/教育部思想政治工作司编.-北京:高等教育出版社,1998 |
| 261页;20cm |
| ISBN 7-04-006718-8:CNY8.50 |
| ● |
| 相关链接 |
|
|
|
正题名:法律基础教程
索取号:D90/J688
 
预约/预借
| 序号 | 登录号 | 条形码 | 馆藏地/架位号 | 状态 | 备注 |
| 1 | 457737 | 204577378 | 社科库509/422社科库 41排3列1层/ [索取号:D90/J688] | 在馆 | |
| 2 | 457738 | 204577387 | 社科库509/422社科库 41排3列1层/ [索取号:D90/J688] | 在馆 | |
| 3 | 457739 | 204577396 | 社科库509/422社科库 41排3列1层/ [索取号:D90/J688] | 在馆 | |
| 4 | 457740 | 204577403 | 社科库509/422社科库 41排3列1层/ [索取号:D90/J688] | 在馆 | |
| 5 | 457741 | 204577412 | 社科库509/422社科库 41排3列1层/ [索取号:D90/J688] | 在馆 | |
| 6 | 457742 | 204577421 | 社科库509/509社科库 80排1列4层/ [索取号:D90/J688] | 在馆 | |
| 7 | 457743 | 204577430 | 社科库509/422社科库 41排3列1层/ [索取号:D90/J688] | 在馆 | |
| 8 | 457744 | 204577449 | 社科库509/422社科库 41排3列1层/ [索取号:D90/J688] | 在馆 | |
| 9 | 457745 | 204577458 | 社科库509/422社科库 41排3列1层/ [索取号:D90/J688] | 在馆 | |
| 10 | 457746 | 204577467 | 社科库509/422社科库 41排3列1层/ [索取号:D90/J688] | 在馆 | |
| 11 | 457747 | 204577476 | 社科库509/422社科库 41排3列1层/ [索取号:D90/J688] | 在馆 | |
| 12 | 457748 | 204577485 | 社科库509/422社科库 41排3列1层/ [索取号:D90/J688] | 在馆 | |
| 13 | 457749 | 204577494 | 社科库509/422社科库 41排3列1层/ [索取号:D90/J688] | 在馆 | |
| 14 | 457750 | 204577500 | 社科库509/422社科库 41排3列1层/ [索取号:D90/J688] | 在馆 | |
| 15 | 457751 | 204577519 | 社科库509/422社科库 41排3列1层/ [索取号:D90/J688] | 在馆 | |
| 16 | 457752 | 204577528 | 社科库509/422社科库 41排3列1层/ [索取号:D90/J688] | 在馆 | |
| 17 | 457753 | 204577537 | 社科库509/422社科库 41排3列1层/ [索取号:D90/J688] | 在馆 | |
| 18 | 457754 | 204577546 | 社科库509/422社科库 41排3列1层/ [索取号:D90/J688] | 在馆 | |
| 19 | 457755 | 204577555 | 社科库509/509社科库 80排1列4层/ [索取号:D90/J688] | 在馆 | |
| 20 | 457756 | 204577564 | 社科库509/509社科库 80排1列4层/ [索取号:D90/J688] | 在馆 |